01052 2200181 4500245008100000020002200081250001100103100002300114700001700137700001800154650004300172005001900215260004400234041001400278084000800292300002300300500054700323 aThe Legend of Sleepy Hollow and Other Horror StorycIrving, WashingtonhText a978-602-1637-93-7 acet. 2 aIrving, Washington aMaria Renata aDyah Agustine aNovel Inggris (dalam Bahasa Indonesia) a20241216085842 aBandungbPenerbit QanitacFebruari 2019 aIndonesia a823 a316 hlm :c20,5 cm aIchabod Crane, pemuda miskin yang bekerja sebagai guru di desa terpencil Sleepy Hollow, berniat meminang gadis tercantik dan terkaya di desa, Katrina van Tassel. Penduduk desa memperingatkan Ichabod tentang hantu Penunggang Kuda Tanpa Kepala yang merajai Sleepy Hollow, namun Ichabod tidak gentar. Suatu malam, sepulangnya dari pesta di rumah Katrina, Ichabod menyaksikan sendiri penampakan sosok mengerikan itu. Dia sedang berusaha meloloskan diri dari kejaran sosk itu ketika sesuatu dilemparkan ke arahnya. Sebuah kepala yang terpenggal...